000 00557nam a2200241Ia 4500
003 OSt
005 20220912153056.0
006 a|||||r|||| 00| 0
007 ta
008 220909b |||||||| |||| 00| 0 eng d
024 _a22397
037 _cTextual
040 _aCSL
_beng
_cCSL
041 _aeng
082 _aY15.2.N, L7
100 _aJacobson D
245 0 _aWomen in India
260 _c1983
300 _ap.
_ccm.
700 _a Wadley S
942 _hY15.2.N, L7
_cTEXL
_2CC
999 _c97671
_d97671